Normal view MARC view
  • STRENGTH OF MATERIALS.MECHANICS OF SOLIDS SI UNITS

Entry Topical Term

Number of records used in: 2

001 - CONTROL NUMBER

  • control field: 31617

003 - CONTROL NUMBER IDENTIFIER

  • control field: NUST

005 - DATE AND TIME OF LATEST TRANSACTION

  • control field: 20201015161224.0

008 - FIXED-LENGTH DATA ELEMENTS

  • fixed length control field: 201015|| aca||aabn | a|a d

040 ## - CATALOGING SOURCE

  • Original cataloging agency: NUST
  • Transcribing agency: NUST

150 ## - HEADING--TOPICAL TERM

  • Topical term or geographic name entry element: STRENGTH OF MATERIALS.MECHANICS OF SOLIDS SI UNITS

670 ## - SOURCE DATA FOUND

  • Source citation: Work cat.: (NUST): Khurmi, R.S. 24542, Strength of Materials, 2013
© 2023 Central Library, National University of Sciences and Technology. All Rights Reserved.